| 000 | 01142nam a22003377a 4500 | ||
|---|---|---|---|
| 003 | CHAP | ||
| 005 | 20220329133851.0 | ||
| 008 | 971013s1955 r 00010 d | ||
| 010 | _a11992 | ||
| 011 | _a12964 | ||
| 035 | _a17034 | ||
| 040 | _cCHAP | ||
| 082 |
_a631.51 _bB3 |
||
| 100 | 0 | 0 |
_aBartlett, Harley H. _910628 |
| 245 | _aFire in relation to primitive agriculture and grazing in the tropics ; annotated bibliography | ||
| 260 |
_aAnn Arbor : _bUniversity of Michigan, _c1955 |
||
| 300 | _a568 p. | ||
| 490 |
_aAgriculture handbook _v; 480 |
||
| 590 |
_aBATCH-UPD _b10 _c20130110 _lUCH01 _h1030 |
||
| 590 |
_aBATCH-UPD _b10 _c20130410 _lUCH01 _h0633 |
||
| 590 |
_aBATCH-UPD _b10 _c20130913 _lUCH01 _h2051 |
||
| 590 |
_aCONVERSION _b10 _c20130109 _lUCH01 _h1308 |
||
| 650 | 1 | 4 |
_aAgricultura _xHistoria. _91507 |
| 650 | 1 | 4 |
_aAgricultura _xTrópicos. _91888 |
| 650 | 1 | 4 |
_aQuema controlada _xBibliografía. _993165 |
| 650 | 1 | 4 |
_aSistemas de cultivo _xBibliografía. _9106748 |
| 830 | 0 |
_aAgriculture handbook _v; 480 _92127 |
|
| 901 | _aBK | ||
| 942 | _cLIBRO | ||
| 949 |
_a631.51 B3 _bBC _cC _d33724000121513 _eC _h15548 _i17034 _mDonado Hdz. X _si |
||
| 999 |
_c11992 _d11992 |
||